000
00276nam a2200109 a 4500
005
20141022141959.0
008
120306s19uu xx 00 eng d
050
_a
CD
_b
M57 2003
245
_a
MCSE/MCSA window server 2003 :
_b
active directory.
260
_c
2003.
942
_c
AVM
999
_c
276134
_d
276134